Normal view
MARC view
Entry Personal Name
001 - CONTROL NUMBER
- control field: 50276
003 - CONTROL NUMBER IDENTIFIER
- control field: OSt
005 - DATE AND TIME OF LATEST TRANSACTION
- control field: 20160403135229.0
008 - FIXED-LENGTH DATA ELEMENTS
- fixed length control field: 160403|| aca||aabn | a|a d
040 ## - CATALOGING SOURCE
- Original cataloging agency: OSt
- Transcribing agency: OSt
100 ## - HEADING--PERSONAL NAME
- Personal name: डॉ सुरेन्द्र कुमार पाण्डेय
670 ## - SOURCE DATA FOUND
- Source citation: Work cat.: (OSt)12041: डॉ सुरेन्द्र कुमार पाण्डेय, धर्मशास्त्रसहस्त्रक्रम , 1997









